Statistics for Polar Express Quiz

Click here to take the quiz!

General Stats

  • This quiz has been taken 206 times
  • The average score is 8 of 15

Answer Stats

HintAnswer% Correct
If the boy was wearing the jacket, what side would the hole in his pocket originally be on?Right
96%
What are the first letters punched on the hero boy's ticket?BE
79%
Was the boy ever able to hear the bell's ring?Yes
74%
Whose ticket is lost?The girl's
69%
What is the girl's response when the know-it-all asks her what kind of train they are on?Magic train
65%
What caused the crack in the ice?The pin
63%
What is the lonely boy's name? (Not the main character, but one of the supporting characters.)Billy
57%
What is the only rule about hot chocolate on the Polar Express?Never let it cool!
56%
What item does the conductor use to substitute for the missing pin that controlled the train's speed?A hairpin
55%
Where was the missing bell?Santa's sleigh
50%
What does the ghost offer the boy to drink?A nice cup of joe
45%
Where does the ticket end up?In the vent
44%
What animal crosses the trains path, causing them to be off schedule?Caribou
41%
What song is the ghost playing when the boy first meets him?Good King Wenceslas
8%
What happens to the girl?She is put in charge
1%

Score Distribution

Percentile by Number Answered

Percent of People with Each Score

Your Score History

You have not taken this quiz